The wise virgin, or, A wonderfull narration of the hand of God : wherein his severity and goodnesse hath appeared in afflicting a childe of eleven years of age, when stricken dumb, deaf and blinde through the prevalence of her disease, yet upon her wonderfull recovery was heard at severall times to utter many glorious truths concerning Christ, faith, and other subjects : to the wonderment of many that came far and neer to see and hear her /

Bibliographic Details
Main Author: Fisher, James, minister of the Gospel in Sheffield
Format: Microform Book
Language:English
Series:Early English books, 1641-1700 ; 1187:24.
Subjects:

MARC

Tag First Indicator Second Indicator Subfields
LEADER 00000cam a2200000 a 4500
001 in00000963003
005 20150927070311.0
007 hd afv|||baca
007 hd bfv|||baaa
008 870325s1653 miucf a 00010 eng d
035 |a (OCoLC)15364145 
035 |9 AEU5662AM 
037 |a CL0037000039  |b University Microfilms International 
037 |b University Microfilms International, 300 N. Zeeb Rd., Ann Arbor, MI 48106 
040 |a EAK  |c EAK  |d UMI  |d UtOrBLW 
049 |a TXAI 
090 |a BV5091.R4  |b F57 
099 |a film   |a  B   |a  3609 
100 1 |a Fisher, James,  |c minister of the Gospel in Sheffield. 
245 1 4 |a The wise virgin, or, A wonderfull narration of the hand of God :  |b wherein his severity and goodnesse hath appeared in afflicting a childe of eleven years of age, when stricken dumb, deaf and blinde through the prevalence of her disease, yet upon her wonderfull recovery was heard at severall times to utter many glorious truths concerning Christ, faith, and other subjects : to the wonderment of many that came far and neer to see and hear her /  |c by James Fisher ... 
264 3 |a London :  |b Printed for John Rothwell ...,  |c [1653] 
300 |a 32 unnumbered pages, 174 pages, 1 unnumbered page, 1 unnumbered leaf of plates :  |b portrait 
336 |a text  |b txt  |2 rdacontent 
337 |a microform  |b h  |2 rdamedia 
338 |a microfilm reel  |b hd  |2 rdacarrier 
500 |a Contains engraved frontispiece portrait of Martha Hatfield. 
500 |a Armorial bookplate of Cambridge University--Title page verso. 
500 |a Reproduction of original in the Cambridge University Library. 
510 4 |a Wing  |c R1004 
533 |a Microfilm.  |b Ann Arbor, Mich. :  |c University Microfilms International,  |d 1981.  |e 1 microfilm reel ; 35 mm.  |f (Early English books, 1641-1700 : 1187:24) 
500 |a Microform. 
600 1 0 |a Hatfield, Martha,  |d 1640- 
650 0 |a Private revelations. 
740 4 |a The wise virgin. 
740 2 |a A wonderfull narration of the hand of God. 
830 0 |a Early English books, 1641-1700 ;  |v 1187:24. 
999 |a MARS 
999 f f |s 3d391ec8-68f9-37e2-8e9c-c4e6d279dbab  |i e5af6b52-5239-3dfc-b626-ad357843ce03  |t 0 
952 f f |p default  |a Texas A&M University  |b College Station  |c Sterling C. Evans Library  |d Evans: Microforms (3rd floor)  |t 0  |e film B 3609 1187:24  |h Other scheme  |i microform -- microfilm reel 
998 f f |a film B 3609 1187:24  |t 0  |l Evans: Microforms (3rd floor)